000 00752nam a2200241 i 4500
001 bg
100 1 _aKwaśna, Hanna.
245 1 0 _aMikrobiologia dla studentów uczelni rolniczych /
_cHanna Kwaśna.
246 _iTyt. grzbiet.:
_aMikrobiologia
260 _aPoznań :
_bWydawnictwo Akademii Rolniczej im. augusta Cieszkowskiego,
_c2007.
300 _a296 s. :
_bil. (w tym kolor.) ;
_c24 cm.
504 _aBibliogr. s. 293-294.
650 9 _aMikrobiologia
655 _aPodręczniki akademickie
020 _a9788371604447
040 _cBPK
041 0 _apol
044 _aPOL
080 _a579(075.8)
942 _cKS
008 s pl f |000 0 pol
999 _c54586
_d54586
856 _uhttp://koha.tu.koszalin.pl/cgi-bin/koha/opac-detail.pl?biblionumber=54586
_yKatalog online BPK